|
|
|
|
| LEADER |
00000cam a2200000 a 4500 |
| 001 |
vtls011467119 |
| 003 |
SK-MaSNL |
| 005 |
20260301135346.0 |
| 008 |
240318s2013 xr o e 000 0 slo |
| 015 |
|
|
|a SNBZSA2016
|
| 020 |
|
|
|a 9788074510762
|q (viaz.)
|
| 035 |
|
|
|a urn:nbn:sk:snk-am00ba57
|
| 035 |
|
|
|a urn:nbn:sk:snk-am3h8rm
|
| 035 |
|
|
|a 677286D0-D0AE-43F5-B648-51FF931A5EDE
|
| 040 |
|
|
|a SNK
|b slo
|c SNK
|e AACR2
|
| 041 |
1 |
|
|a slo
|h [cze]
|
| 044 |
|
|
|a xr
|c CZ
|
| 072 |
|
7 |
|a 641
|x Kuchárstvo. Potraviny. Varené jedlá
|2 konspekt
|
| 080 |
|
|
|a 641.55
|2 2001
|
| 080 |
|
|
|a 641.84
|2 2001
|
| 080 |
|
|
|a (083.12)
|2 2001
|
| 100 |
1 |
|
|a Vašák, Jaroslav,
|d 1947-
|4 aut
|9 314973
|
| 245 |
1 |
0 |
|a Nátierky na našom stole
|c Jaroslav Vašák ; [fotografie Eduard Karkan]
|
| 246 |
3 |
0 |
|a Nátierky
|
| 260 |
|
|
|a Praha
|b Ottovo nakladatelství
|c 2013
|
| 300 |
|
|
|a 151 s.
|b fotogr.
|c 27 cm
|
| 490 |
1 |
|
|a Ottova kuchárka
|
| 500 |
|
|
|a Pravdepodobne prel. z češ.
|
| 650 |
0 |
7 |
|a jedlá
|2 SNKPH
|
| 650 |
0 |
7 |
|a chlebíčky
|2 SNKPH
|9 85286
|
| 650 |
0 |
7 |
|a Meals
|2 SNKPHeng
|9 311382
|
| 650 |
0 |
7 |
|a Bread with dressing
|2 SNKPHeng
|9 490569
|
| 655 |
|
7 |
|a kuchárske recepty
|2 SNKPH
|9 70493
|
| 655 |
|
7 |
|a Cookbooks
|2 SNKPHeng
|9 270340
|
| 700 |
1 |
|
|a Karkan, Eduard
|4 pht
|9 67052
|
| 830 |
|
0 |
|a Ottova kuchárka
|9 320038
|
| 919 |
|
|
|a 978-80-7451-076-2
|
| 958 |
|
|
|a OP
|
| 958 |
|
|
|a ZS
|
| 958 |
|
|
|a CZ
|
| 999 |
|
|
|c 759939
|d 761869
|
| 952 |
|
|
|a SNK
|b SNK
|y PREZ
|7 0
|p 17A1177915
|o snkSB 89495
|i snk2016/1808
|8 4
|g 11.19
|0 0
|1 0
|4 0
|d 2016-01-18
|f 1
|l 0
|r 2025-05-12 00:00:00
|w 2026-02-24
|
| 952 |
|
|
|a SNK
|b SNK
|y VYP
|7 0
|p 17A1177916
|o snkSB 89495 D1
|i snk2016/1809
|8 4
|g 11.19
|0 0
|1 0
|4 0
|d 2016-01-18
|l 0
|r 2026-02-24 00:01:28
|w 2026-02-24
|